Normal view
MARC view
Entry Topical Term
001 - CONTROL NUMBER
- control field: 8148
003 - CONTROL NUMBER IDENTIFIER
- control field: OSt
005 - DATE AND TIME OF LATEST TRANSACTION
- control field: 20160420171653.0
008 - FIXED-LENGTH DATA ELEMENTS
- fixed length control field: 160420|| aca||aabn | a|a d
040 ## - CATALOGING SOURCE
- Original cataloging agency: OSt
- Transcribing agency: OSt
150 ## - HEADING--TOPICAL TERM
- Topical term or geographic name entry element: Big bang theory.
670 ## - SOURCE DATA FOUND
- Source citation: Work cat.: (OSt)3665: Silk, Joseph, 1942- 8147, The big bang /, 2001.
